Les 120 Pokémon de la Neuvième Génération - Statistiques

Statistiques générales
  • Ce quiz a été pris 14 fois
  • Le résultat moyen est 99 sur 120
Statistiques - réponses
Hint Réponse % Correct
927 Briochien
100%
909 Chochodile
100%
1016 Favianos
100%
911 Flâmigator
100%
970 Floréclat
100%
984 Fort-Ivoire
100%
941 Fulgulairo
100%
1000 Gromago
100%
985 Hurle-Queue
100%
1007 Koraidon
100%
908 Miascarade
100%
1008 Miraidon
100%
921 Pohm
100%
923 Pohmarmotte
100%
922 Pohmotte
100%
906 Poussacha
100%
990 Roue-de-Fer
100%
1005 Rugit-Lune
100%
939 Ampibidou
90%
975 Balbalèze
90%
1023 Chef-de-Fer
90%
956 Cléopsytra
90%
912 Coiffeton
90%
950 Craparoi
90%
910 Crocogril
90%
943 Dogrino
90%
995 Epine-de-Fer
90%
1014 Félicanis
90%
968 Ferdeter
90%
987 Flotte-Mèche
90%
1015 Fortusimia
90%
920 Gambex
90%
1006 Garde-de-Fer
90%
969 Germéclat
90%
998 Glaivodo
90%
991 Hotte-de-Fer
90%
994 Mite-de-Fer
90%
999 Mordudor
90%
978 Nigirigon
90%
1017 Ogerpon
90%
977 Oyacata
90%
914 Palmaval
90%
926 Pâtachiot
90%
989 Pelage-Sablé
90%
951 Pimito
90%
1019 Pomdorochi
90%
1022 Roc-de-Fer
90%
952 Scovilain
90%
960 Taupikeau
90%
1024 Terapagos
90%
938 Têtampoule
90%
1013 Théffroyable
90%
961 Triopikeau
90%
1010 Vert-de-Fer
90%
965 Vrombi
90%
966 Vrombotor
90%
930 Arboliva
80%
954 Bérasca
80%
913 Canarbello
80%
979 Courrousinge
80%
997 Cryodo
80%
976 Délestin
80%
955 Flotillon
80%
959 Forgelina
80%
996 Frigodo
80%
944 Gribouraigne
80%
1021 Ire-Foudre
80%
953 Léboulérou
80%
919 Lilliterelle
80%
907 Matourgeon
80%
967 Motorizard
80%
928 Olivini
80%
992 Paume-de-Fer
80%
1025 Pêchaminus
80%
974 Piétacé
80%
1012 Poltchageist
80%
1011 Pomdramour
80%
1018 Pondralugon
80%
988 Rampe-Ailes
80%
983 Scalpereur
80%
1009 Serpente-Eau
80%
945 Tag-Tag
80%
931 Tapatoès
80%
948 Terracool
80%
949 Terracruel
80%
993 Têtes-de-Fer
80%
917 Tissenboule
80%
972 Tomberro
80%
971 Toutombe
80%
1004 Yuyu
80%
940 Zapétrel
80%
1002 Baojian
70%
936 Carmadura
70%
935 Charbambin
70%
1001 Chongjian
70%
1003 Dinglu
70%
963 Dofin
70%
981 Farigiraf
70%
1020 Feu-Perçant
70%
918 Filentrappe
70%
958 Forgella
70%
957 Forgerette
70%
916 Fragroin
70%
934 Gigansel
70%
915 Gourmelet
70%
942 Grondogue
70%
962 Lestombaile
70%
937 Malvalame
70%
929 Olivado
70%
964 Superdofin
70%
980 Terraiste
70%
933 Amassel
60%
924 Compagnol
60%
982 Deusolourdo
60%
925 Famignol
60%
986 Fongus-Furie
60%
932 Selutin
60%
973 Flamenroule
40%
947 Virevorreur
40%
946 Virovent
40%
Aucun quiz correspondant
Distribution des résultats
% des personnes avec chaque résultat
Percentile par nombre de réponses
Votre historique - résultats
Vous n’avez pas pris ce quiz